| 000 | 00475nam a22001817a 4500 | ||
|---|---|---|---|
| 003 | CEME | ||
| 005 | 20210628201953.0 | ||
| 008 | 210208b xxu||||| |||| 00| 0 eng d | ||
| 020 | _a9971-51-146-0 | ||
| 040 | _c. | ||
| 082 | _a621.38 SHA | ||
| 100 |
_aShanmugam, K.Sam _957655 |
||
| 245 | _aDigital and analog communication system | ||
| 260 |
_aINDIA _bJOHN WILEY _c1994 |
||
| 300 | _a600P | ||
| 650 |
_aDIGITAL AND ANALOG COMMUNICATION SYSTEM _957656 |
||
| 942 |
_cBK _2ddc |
||
| 999 |
_c567927 _d567927 |
||